.Net programming : covering C# 2005, Visual basic 2005, ASP.NET and .NET framework (Record no. 183307)

MARC details
000 -LEADER
fixed length control field 00397nam a2200133Ia 4500
008 - FIXED-LENGTH DATA ELEMENTS--GENERAL INFORMATION
fixed length control field 231217s9999 xx 000 0 und d
041 ## - LANGUAGE CODE
Language code of text/sound track or separate title English
100 ## - MAIN ENTRY--PERSONAL NAME
Personal name Kogent Solutions Inc
245 #0 - TITLE STATEMENT
Title .Net programming : covering C# 2005, Visual basic 2005, ASP.NET and .NET framework
260 ## - PUBLICATION, DISTRIBUTION, ETC.
Date of publication, distribution, etc. 2008
Name of publisher, distributor, etc. Dream Tech
Place of publication, distribution, etc. New Delhi
300 ## - PHYSICAL DESCRIPTION
Extent xxxv+1725
500 ## - GENERAL NOTE
General note Accompanied by CD4113
942 ## - ADDED ENTRY ELEMENTS (KOHA)
Koha item type Books
Holdings
Date last seen Total checkouts Accession number Price effective from Category Lost status Damaged status Department Withdrawn status Home library Current library Shelving location Entry date Vendor Grants Billdate Currency symbol Conversion rate Discount Old discount
26/01/2024   54481 26/01/2024 Books     Central Library   Central Library Central Library Central Library 18/06/2009 Publisher DONATED 09/01/2013 RS 1    

© For any Suggestions or Query, please contact the library staff @ librarian@pes.edu or Phone: +9180 2672 1983/ 2108.